000
00222 a2200109 4500
020
_a
2320009262093
041
_a
spa
100
_a
Judith ST.George
245
_a
Asi que quieres ser Presidente
942
_c
BK
952
_7
1
999
_c
24888
_d
24888